|
|
|
|
| LEADER |
00870nam a2200253 a 4500 |
| 001 |
GR-MES5028 |
| 008 |
991111s1996 enk 000 b eng d |
| 020 |
|
|
|a 0 273 62490 3
|
| 040 |
|
|
|a GrPaTEI
|b gre
|c GR-PaULI
|
| 245 |
0 |
0 |
|a Company law :
|b Fundamental principles.
|
| 250 |
|
|
|a 2nd
|
| 260 |
|
|
|a London :
|b Pitman,
|c 1996
|
| 300 |
|
|
|a 344σελ. :
|b πιν.
|
| 650 |
|
4 |
|a Δίκαιο
|
| 650 |
|
4 |
|a ΔΙΚΑΙΟ ΕΠΙΧΕΙΡΗΣΕΩΝ
|
| 650 |
|
4 |
|a Επιχειρήσεις
|
| 650 |
|
4 |
|a Κεφάλαιο
|
| 650 |
|
4 |
|a Μάνατζμεντ
|
| 700 |
1 |
|
|a Griffin, S.
|
| 710 |
0 |
|
|a Pitman
|
| 942 |
|
|
|2 ddc
|
| 952 |
|
|
|0 0
|1 0
|2 ddc
|4 0
|6 346_066000000000000_GRI
|7 0
|9 275598
|a MSLG
|b MSLG
|c BSC
|d 2021-01-17
|e 24
|f 0
|g 0.00
|l 0
|o 346.066 GRI
|p 2420000015035
|r 2021-01-17 00:00:00
|t 1
|w 2021-01-17
|y BK15
|x 19991111 0 1
|x GrPaTEI
|
| 971 |
|
|
|a .b25834940
|b 15-04-20
|c 14-09-16
|
| 999 |
|
|
|c 159687
|d 159687
|